| 000 | 02062nam a2200469 i 4500 | ||
|---|---|---|---|
| 001 | ebr10906048 | ||
| 003 | CaPaEBR | ||
| 006 | m o d | ||
| 007 | cr cn||||||||| | ||
| 008 | 110711t20112011sz a ob 000 0 eng|d | ||
| 020 | _z0878491597 | ||
| 020 | _z9780878491599 | ||
| 020 | _a9783038136583 (e-book) | ||
| 040 |
_aCaPaEBR _beng _erda _epn _cCaPaEBR |
||
| 035 | _a(OCoLC)891395343 | ||
| 050 | 1 | 4 |
_aTJ808 _b.E585 2011eb |
| 082 | 0 | 4 |
_a621.31/24 _223 |
| 245 | 0 | 0 |
_aEnergy harvesting with piezoelectric and pyroelectric materials / _cedited by Nantakan Muensit. |
| 264 | 1 |
_aStafa-Zuerich, Switzerland ; _aEnfield, New Hampshire : _bTrans Tech Publications, _c[2011] |
|
| 264 | 4 | _c�2011 | |
| 300 |
_a1 online resource (230 pages) : _billustrations. |
||
| 336 |
_atext _2rdacontent |
||
| 337 |
_acomputer _2rdamedia |
||
| 338 |
_aonline resource _2rdacarrier |
||
| 490 | 1 |
_aMaterials science foundations, _x1422-3597 ; _vvolume 72 |
|
| 504 | _aIncludes bibliographical references. | ||
| 588 | _aDescription based on print version record. | ||
| 590 | _aElectronic reproduction. Palo Alto, Calif. : ebrary, 2014. Available via World Wide Web. Access may be limited to ebrary affiliated libraries. | ||
| 650 | 0 | _aEnergy harvesting. | |
| 650 | 0 |
_aEnergy harvesting _xMaterials. |
|
| 650 | 0 | _aThermoelectric materials. | |
| 650 | 0 | _aPiezoelectricity. | |
| 650 | 0 | _aPiezoelectrical materials. | |
| 650 | 0 | _aPyroelectricity. | |
| 650 | 0 | _aElectromechanical devices. | |
| 655 | 0 | _aElectronic books. | |
| 700 | 1 |
_aMuensit, Nantakan, _eeditor. |
|
| 776 | 0 | 8 |
_iPrint version: _tEnergy harvesting with piezoelectric and pyroelectric materials. _dStafa-Zuerich, Switzerland : Trans Tech Publications, [2011] _h218 pages ; 25 cm _kMaterials science foundations ; v.72 _x1422-3597 ; _z9780878491599 _w(OCoLC)ocn711055063 _w(DLC)10906048 |
| 797 | 2 | _aebrary. | |
| 830 | 0 |
_aMaterials science foundations ; _vv. 72. |
|
| 856 | 4 | 0 |
_uhttp://site.ebrary.com/lib/rucke/Doc?id=10906048 _zAn electronic book accessible through the World Wide Web; click to view |
| 999 |
_c50937 _d50937 |
||